000 00658nam a22002057a 4500
003 OSt
005 20160630145358.0
008 160630b xxu||||| |||| 00| 0 eng d
020 _a0333419693
040 _c040a
082 _aWA 320
_bM827s
100 _aMorley, David
_99799
245 _aSee how they grow :
_bmonitoring child growth for appropriate health care in developing countries /
_cDavid Morley, Margaret Woodland
260 _aLondon
_bMacmillan
_c1979
300 _ax, 265p;
_bill :
_c11 cm.
504 _aIncludes bibliographical references and index
650 _aChild growth
_99800
700 _aWoodland, Margaret
_99801
942 _2z
_cO_SHELF
999 _c4573
_d4573